[Event "BCF-chT3 0708 (4NCL)"]
[Site "Sunningdale"]
[Date "2008.05.03"]
[Round "9.5"]
[White "Borrowdale, Graham E"]
[Black "Donovan, Nigel"]
[Result "1/2-1/2"]
[WhiteElo "2090"]
[BlackElo "2117"]
[PlyCount "62"]
[EventDate "2007.09.15"]
[EventType "team-tourn"]
[EventRounds "11"]
[EventCountry "ENG"]
[SourceTitle "EXT 2023"]
[Source "ChessBase"]
[SourceDate "2022.10.05"]
[SourceVersion "1"]
[SourceVersionDate "2022.10.05"]
[SourceQuality "1"]
[WhiteTeam "FCA Solutions"]
[BlackTeam "Jutes of Kent"]
[WhiteTeamCountry "ENG"]
[BlackTeamCountry "ENG"]

1. d4 Nf6 2. c4 e6 3. Nf3 b6 4. g3 Ba6 5. b3 Bb4+ 6. Bd2 Be7 7. Nc3 d5 8. Bg2 c6 9. cxd5 cxd5 10. 0-0 Nbd7 11. Re1 0-0 12. Rb1 Ne4 13. b4 Rc8 14. Nxe4 dxe4 15. Ne5 Nxe5 16. dxe5 Qd5 17. Bf4 Qxd1 18. Rexd1 Bxe2 19. Rd7 Bd3 20. Rb2 Rfe8 21. Rxa7 Bf8 22. Be3 Rc4 23. a3 g6 24. h4 Bg7 25. Bf4 h6 26. Rb7 g5 27. hxg5 hxg5 28. Bxg5 Bxe5 29. Rd2 Ra8 30. Rxb6 Rxa3 31. b5 Rb3 1/2-1/2

[Event "Hastings Masters op 83rd"]
[Site "Hastings"]
[Date "2008.01.03"]
[Round "7"]
[White "Cumming, Rhys"]
[Black "Donovan, Nigel"]
[Result "1/2-1/2"]
[WhiteElo "1845"]
[BlackElo "2121"]
[PlyCount "79"]
[EventDate "2007.12.28"]
[EventType "swiss"]
[EventRounds "10"]
[EventCountry "ENG"]
[SourceTitle "CBM 122 Extra"]
[Source "ChessBase"]
[SourceDate "2008.03.04"]
[SourceVersion "1"]
[SourceVersionDate "2008.03.04"]
[SourceQuality "1"]

1. e4 c5 2. c3 Nf6 3. e5 Nd5 4. d4 cxd4 5. Nf3 e6 6. cxd4 b6 7. Bc4 Bb7 8. 0-0 Qc7 9. Qe2 a6 10. a3 b5 11. Bd3 f5 12. Bd2 Bc6 13. Nc3 Qb7 14. Ne1 Be7 15. f3 0-0 16. Nc2 Nxc3 17. Bxc3 Bd5 18. Rac1 Bb3 19. Ne3 b4 20. axb4 Bxb4 21. Bxb4 Qxb4 22. Bc4 Nc6 23. Bxb3 Qxb3 24. Rfd1 Rfb8 25. Nc4 Ne7 26. Rc3 Qb5 27. Qc2 Nd5 28. Nd6 Nxc3 29. Nxb5 Nxd1 30. Nc7 Rc8 31. Qxd1 Rxc7 32. Qb3 Rac8 33. d5 f4 34. h4 Kf7 35. dxe6+ dxe6 36. Qd3 Rb8 37. Qd4 Rcb7 38. Qxf4+ Ke7 39. Qg5+ Kf7 40. Qf4+ 1/2-1/2

[Event "Hastings Masters op 83rd"]
[Site "Hastings"]
[Date "2008.01.02"]
[Round "6"]
[White "Franklin, Samuel Gideon"]
[Black "Donovan, Nigel"]
[Result "1/2-1/2"]
[WhiteElo "1917"]
[BlackElo "2121"]
[PlyCount "56"]
[EventDate "2007.12.28"]
[EventType "swiss"]
[EventRounds "10"]
[EventCountry "ENG"]
[SourceTitle "CBM 122 Extra"]
[Source "ChessBase"]
[SourceDate "2008.03.04"]
[SourceVersion "1"]
[SourceVersionDate "2008.03.04"]
[SourceQuality "1"]

1. e4 c5 2. Nf3 e6 3. d4 cxd4 4. Nxd4 Nf6 5. Nc3 d6 6. Be3 a6 7. f3 b5 8. Qd2 Nbd7 9. 0-0-0 Bb7 10. g4 h6 11. h4 b4 12. Na4 Qa5 13. b3 Nc5 14. a3 Nxa4 15. axb4 Qc7 16. bxa4 d5 17. e5 Nd7 18. f4 Nb6 19. f5 Nxa4 20. fxe6 Nc3 21. exf7+ Kxf7 22. Bd3 Bxb4 23. Rdf1+ Kg8 24. Qf2 Na2+ 25. Kb1 Nc3+ 26. Kb2 Na4+ 27. Ka2 Nc3+ 28. Kb2 Na4+ 1/2-1/2

[Event "Pardubice Czech op2"]
[Site "Pardubice"]
[Date "2007.07.13"]
[Round "2"]
[White "Shilov, Sergej"]
[Black "Donovan, Nigel"]
[Result "1/2-1/2"]
[WhiteElo "2249"]
[BlackElo "2112"]
[PlyCount "80"]
[EventDate "2007.07.12"]
[EventType "swiss"]
[EventRounds "7"]
[EventCountry "CZE"]
[SourceTitle "EXT 2008"]
[Source "ChessBase"]
[SourceDate "2007.11.25"]
[SourceVersion "1"]
[SourceVersionDate "2007.11.25"]
[SourceQuality "1"]

1. e4 c5 2. Nf3 d6 3. d4 cxd4 4. Qxd4 Nc6 5. Bb5 Bd7 6. Bxc6 Bxc6 7. Nc3 Nf6 8. Bg5 e6 9. 0-0-0 Be7 10. Rhg1 0-0 11. g4 b5 12. Bxf6 Bxf6 13. Qxd6 Qb6 14. Nd4 Rac8 15. Nxc6 Rxc6 16. Qd3 Rfc8 17. Kb1 b4 18. Na4 Qa5 19. g5 Be5 20. b3 Rxc2 21. Rd2 R2c6 22. Rgd1 g6 23. Qe3 Qc7 24. Rd7 Qa5 25. f4 Bc3 26. e5 R6c7 27. Rd8+ Kg7 28. Qh3 h5 29. gxh6+ Kh7 30. Qd3 Rc6 31. Rxc8 Rxc8 32. h4 Kxh6 33. h5 gxh5 34. Qg3 Qb5 35. Rg1 Rg8 36. Qxg8 Qd3+ 37. Kc1 Qd2+ 38. Kb1 Qd3+ 39. Kc1 Qd2+ 40. Kb1 Qd3+ 1/2-1/2

[Event "BCF-chT4 0607 (4NCL)"]
[Site "Sunningdale"]
[Date "2007.05.28"]
[Round "11.16"]
[White "Foster, James C"]
[Black "Donovan, Nigel"]
[Result "0-1"]
[WhiteElo "1950"]
[BlackElo "2108"]
[PlyCount "64"]
[EventDate "2006.09.16"]
[EventType "team"]
[EventRounds "11"]
[EventCountry "ENG"]
[SourceTitle "EXT 2008"]
[Source "ChessBase"]
[SourceDate "2007.11.25"]
[SourceVersion "1"]
[SourceVersionDate "2007.11.25"]
[SourceQuality "1"]
[WhiteTeam "Conquistadors"]
[BlackTeam "Jutes of Kent"]
[WhiteTeamCountry "ENG"]
[BlackTeamCountry "ENG"]

1. e4 c5 2. c3 Nf6 3. e5 Nd5 4. d4 cxd4 5. Nf3 e6 6. cxd4 b6 7. Nc3 Nxc3 8. bxc3 Qc7 9. Qb3 Bb7 10. Be2 d6 11. Bf4 Nd7 12. exd6 Bxd6 13. Bxd6 Qxd6 14. 0-0 0-0 15. Rfd1 Rac8 16. Rac1 Rc7 17. c4 Rfc8 18. Rc3 Qf4 19. Qb2 h6 20. d5 Bxd5 21. Rd4 Qf6 22. Qd2 Bxf3 23. Rxf3 Qe7 24. g4 Ne5 25. Rg3 Nxc4 26. Bxc4 Rxc4 27. Rd7 Qc5 28. Rxa7 Rc1+ 29. Kg2 Qc4 30. Qd7 Qf1+ 31. Kf3 R1c3+ 32. Ke4 R8c4+ 0-1

[Event "Hastings Masters op 82nd"]
[Site "Hastings"]
[Date "2007.01.02"]
[Round "6"]
[White "Donovan, Nigel"]
[Black "Kenyon, Scott"]
[Result "1-0"]
[WhiteElo "2119"]
[BlackElo "1759"]
[PlyCount "87"]
[EventDate "2006.12.28"]
[EventType "swiss"]
[EventRounds "9"]
[EventCountry "ENG"]
[SourceTitle "CBM 116 Extra"]
[Source "ChessBase"]
[SourceDate "2007.03.07"]
[SourceVersion "1"]
[SourceVersionDate "2007.03.07"]
[SourceQuality "1"]

1. e4 c5 2. Nf3 g6 3. d4 Bg7 4. dxc5 Qa5+ 5. Nc3 Bxc3+ 6. bxc3 Qxc3+ 7. Bd2 Qxc5 8. Bd3 Nf6 9. 0-0 d6 10. Rb1 a6 11. Bh6 Nbd7 12. Qd2 Qh5 13. h3 Nc5 14. Bg7 Bxh3 15. gxh3 Qxf3 16. Bxh8 Nfxe4 17. Bxe4 Nxe4 18. Qd3 Qxd3 19. cxd3 Nd2 20. Rxb7 Nxf1 21. Bc3 Rc8 22. Rb3 Nd2 23. Bxd2 Rc2 24. Rb8+ Kd7 25. Bg5 f6 26. Be3 Rxa2 27. Rh8 g5 28. Rxh7 Ra3 29. d4 a5 30. Kf1 Rb3 31. Rh8 a4 32. Ra8 a3 33. Ke2 Rb2+ 34. Kd3 Ra2 35. Kc3 Ra1 36. Kb3 Kc6 37. Ra7 e5 38. dxe5 dxe5 39. Ra6+ Kd5 40. Rxf6 a2 41. Rh6 Ke4 42. Kb2 Rh1 43. Kxa2 g4 44. hxg4 1-0

[Event "Hastings Masters op 82nd"]
[Site "Hastings"]
[Date "2006.12.29"]
[Round "2"]
[White "Donovan, Nigel"]
[Black "Webster, Richard J"]
[Result "1-0"]
[WhiteElo "2119"]
[BlackElo "1983"]
[PlyCount "43"]
[EventDate "2006.12.28"]
[EventType "swiss"]
[EventRounds "9"]
[EventCountry "ENG"]
[SourceTitle "CBM 116 Extra"]
[Source "ChessBase"]
[SourceDate "2007.03.07"]
[SourceVersion "1"]
[SourceVersionDate "2007.03.07"]
[SourceQuality "1"]

1. e4 e6 2. d3 d5 3. Nd2 c5 4. Ngf3 Nf6 5. g3 Nc6 6. Bg2 Be7 7. 0-0 0-0 8. e5 Nd7 9. Re1 b5 10. Nf1 a5 11. h4 b4 12. Bf4 f6 13. exf6 Nxf6 14. Bh3 Bd6 15. Bxe6+ Bxe6 16. Rxe6 Bxf4 17. Rxc6 Bd6 18. c4 d4 19. Ng5 Qd7 20. Qf3 Kh8 21. Rxd6 Qxd6 22. Qxa8 1-0

[Event "Hastings Masters op 82nd"]
[Site "Hastings"]
[Date "2006.12.28"]
[Round "1"]
[White "Neverov, Valeriy"]
[Black "Donovan, Nigel"]
[Result "1-0"]
[WhiteElo "2538"]
[BlackElo "2119"]
[PlyCount "43"]
[EventDate "2006.12.28"]
[EventType "swiss"]
[EventRounds "9"]
[EventCountry "ENG"]
[SourceTitle "CBM 116 Extra"]
[Source "ChessBase"]
[SourceDate "2007.03.07"]
[SourceVersion "1"]
[SourceVersionDate "2007.03.07"]
[SourceQuality "1"]

1. d4 Nf6 2. c4 e6 3. Nc3 Bb4 4. e3 b6 5. Bd3 Bb7 6. Nf3 Ne4 7. 0-0 f5 8. Ne2 0-0 9. b3 Bd6 10. Bb2 Ng5 11. Nd2 Ne4 12. f4 Nxd2 13. Qxd2 Qh4 14. d5 exd5 15. Nd4 dxc4 16. Nxf5 Rxf5 17. Bxf5 cxb3 18. axb3 Qe7 19. Qd3 g6 20. Bh3 Bc5 21. Rae1 Be4 22. Qc3 1-0

[Event "Hastings Masters op 81st"]
[Site "Hastings"]
[Date "2006.01.05"]
[Round "9"]
[White "Muter, Donny"]
[Black "Donovan, Nigel"]
[Result "1/2-1/2"]
[WhiteElo "2085"]
[BlackElo "2136"]
[PlyCount "101"]
[EventDate "2005.12.28"]
[EventType "swiss"]
[EventRounds "10"]
[EventCountry "ENG"]
[SourceTitle "CBM 110 Extra"]
[Source "ChessBase"]
[SourceDate "2006.03.10"]
[SourceVersion "2"]
[SourceVersionDate "2006.03.10"]
[SourceQuality "1"]

1. d4 Nf6 2. Nf3 e6 3. Bg5 b6 4. e4 h6 5. Bxf6 Qxf6 6. Bd3 Bb7 7. Nbd2 Nc6 8. c3 e5 9. dxe5 Nxe5 10. Nxe5 Qxe5 11. 0-0 0-0-0 12. Nc4 Qe6 13. Re1 d5 14. exd5 Qxd5 15. Qg4+ Kb8 16. Bf1 h5 17. Qe2 Qf5 18. Rad1 Bd6 19. Nxd6 cxd6 20. Qe7 Rd7 21. Qe3 h4 22. h3 Rdd8 23. Qd4 g5 24. Re7 Rhg8 25. Bd3 Qf4 26. Rxb7+ Kxb7 27. Qd5+ Kc7 28. Bb5 Kb8 29. Re1 Qf6 30. Bd3 Rge8 31. Be4 Rxe4 32. Rxe4 Rc8 33. Qd3 Rc7 34. Qe2 Rc8 35. a4 Rc5 36. Re8+ Rc8 37. a5 Rxe8 38. Qxe8+ Kb7 39. Qe4+ Ka6 40. axb6 axb6 41. Qa4+ Kb7 42. Qd7+ Ka6 43. Qa4+ Kb7 44. Qe4+ Ka6 45. Kf1 Ka7 46. Ke2 Ka6 47. g3 Kb5 48. Qd3+ Kc6 49. Qc4+ Kb7 50. gxh4 gxh4 51. Qd5+ 1/2-1/2